Digital telephony (Record no. 3592)

000 -LEADER
fixed length control field 00571nam a2200217 a 4500
001 - CONTROL NUMBER
control field 3592
003 - CONTROL NUMBER IDENTIFIER
control field BD-DhUET
008 - FIXED-LENGTH DATA ELEMENTS--GENERAL INFORMATION
fixed length control field 900501s1991 nyua b 001 0 eng
020 ## - INTERNATIONAL STANDARD BOOK NUMBER
International Standard Book Number 0471620564
040 ## - CATALOGING SOURCE
Original cataloging agency DLC
Transcribing agency DLC
Modifying agency BD-DhUET
082 ## - DEWEY DECIMAL CLASSIFICATION NUMBER
Classification number 623.85
Item number BEL/1991
100 ## - MAIN ENTRY--PERSONAL NAME
Personal name Bellamy, John
245 10 - TITLE STATEMENT
Title Digital telephony
250 ## - EDITION STATEMENT
Edition statement 2nd ed.
260 ## - PUBLICATION, DISTRIBUTION, ETC. (IMPRINT)
Place of publication, distribution, etc. New York
Name of publisher, distributor, etc. John wiley & sons
Date of publication, distribution, etc. 1991
300 ## - PHYSICAL DESCRIPTION
Extent xix, 572 p.
Other physical details ill.
Dimensions 25 cm.
490 ## - SERIES STATEMENT
Series statement Wiley Series in telecommunications
504 ## - BIBLIOGRAPHY, ETC. NOTE
Bibliography, etc Includes bibliographies
650 #0 - SUBJECT ADDED ENTRY--TOPICAL TERM
Topical term or geographic name as entry element Digital telephony
942 ## - ADDED ENTRY ELEMENTS (KOHA)
Koha item type General Book
Holdings
Koha date last borrowed Sublocation or collection (holding branch) Piece designation (barcode) Lost status Withdrawn status Location (home branch) Koha item type Not for loan Koha full call number Source of classification or shelving scheme Price effective from Koha date last seen Koha issues (times borrowed) Koha normalized classification for sorting Shelving location Copy number Date acquired Damaged status
2015-10-10Central Library, BUET83618  Central Library, BUETGeneral Book 623.85/BEL/1991 2014-11-022016-02-062623_000000000000000_85BEL1991Circulation section12014-11-02 
 Central Library, BUET83620  Central Library, BUETGeneral Book 623.85/BEL/1991 2014-11-022017-08-26 623_000000000000000_85BEL1991Circulation section22014-11-02 
 Central Library, BUET83623  Central Library, BUETGeneral Book 623.85/BEL/1991 2014-11-022017-08-16 623_000000000000000_85BEL1991Circulation section32014-11-02 
2023-03-07Central Library, BUET86339  Central Library, BUETGeneral Book 623.85/BEL/1991 2014-11-022024-02-202623_850000000000000_BEL_1991Circulation section42014-11-02 
 Central Library, BUET87594  Central Library, BUETReading Item 623.85/BEL/1991 2015-07-012015-07-01 623_850000000000000_BEL_1991Reading section52015-07-01 
 Central Library, BUET83563  Central Library, BUETRental Item 623.85 BEL/1991 2024-12-092024-12-09 623_850000000000000_BEL_1991Rental sectionক-১1992-06-06 
 Central Library, BUET83564  Central Library, BUETRental Item 623.85 BEL/1991 2024-12-092024-12-09 623_850000000000000_BEL_1991Rental sectionক-২1992-06-06 
 Central Library, BUET83565  Central Library, BUETRental Item 623.85 BEL/1991 2024-12-092024-12-09 623_850000000000000_BEL_1991Rental sectionক-৩1992-06-06 
 Central Library, BUET83566  Central Library, BUETRental Item 623.85 BEL/1991 2024-12-092024-12-09 623_850000000000000_BEL_1991Rental sectionক-৪1992-06-06 
 Central Library, BUET83567  Central Library, BUETRental Item 623.85 BEL/1991 2024-12-092024-12-09 623_850000000000000_BEL_1991Rental sectionক-৫1992-06-06 
 Central Library, BUET83568  Central Library, BUETRental Item 623.85 BEL/1991 2024-12-092024-12-09 623_850000000000000_BEL_1991Rental sectionক-৬1992-06-06 
 Central Library, BUET83569  Central Library, BUETRental Item 623.85 BEL/1991 2024-12-092024-12-09 623_850000000000000_BEL_1991Rental sectionক-৭1992-06-06 
 Central Library, BUET83570  Central Library, BUETRental Item 623.85 BEL/1991 2024-12-092024-12-09 623_850000000000000_BEL_1991Rental sectionক-৮1992-06-06 
 Central Library, BUET83571  Central Library, BUETRental Item 623.85 BEL/1991 2024-12-092024-12-09 623_850000000000000_BEL_1991Rental sectionক-৯1992-06-06 
 Central Library, BUET83572  Central Library, BUETRental Item 623.85 BEL/1991 2024-12-092024-12-09 623_850000000000000_BEL_1991Rental sectionক-১০1992-06-06 
 Central Library, BUET83573  Central Library, BUETRental Item 623.85 BEL/1991 2024-12-092024-12-09 623_850000000000000_BEL_1991Rental sectionক-১১1992-06-06 
 Central Library, BUET83574  Central Library, BUETRental Item 623.85 BEL/1991 2024-12-092024-12-09 623_850000000000000_BEL_1991Rental sectionক-১২1992-06-06 
 Central Library, BUET83575  Central Library, BUETRental Item 623.85 BEL/1991 2024-12-092024-12-09 623_850000000000000_BEL_1991Rental sectionক-১৩1992-06-06 
 Central Library, BUET83576  Central Library, BUETRental Item 623.85 BEL/1991 2024-12-092024-12-09 623_850000000000000_BEL_1991Rental sectionক-১৪1992-06-06 
 Central Library, BUET83577  Central Library, BUETRental Item 623.85 BEL/1991 2024-12-092024-12-09 623_850000000000000_BEL_1991Rental sectionক-১৫1992-06-06